000 00485nam a22001577a 4500
003 NUST
038 _aNusrat Nadeem
082 _a200
100 _aKhan, Ali Mashal
_9130538
245 _aTARIFF CASCADING IN DEVELOPED AND DEVELOPING COUNTRIES/
_cAli Mashal Khan,
264 _aIslamabad;
_bS3H NUST.
_c2025.
650 _aMS-Economics
_9123068
700 _aSupervisor: Dr. Imtiaz Ahmad
_9125687
856 _uhttp://10.250.8.41:8080/xmlui/handle/123456789/54458
942 _2ddc
_cSC
999 _c614733
_d614733